AH International Schools' Libraries

Cat kid comic club / (Record no. 49668)

MARC details
000 -LEADER
fixed length control field 00307nam a2200121 4500
020 ## - INTERNATIONAL STANDARD BOOK NUMBER
International Standard Book Number 9781338712766
100 ## - MAIN ENTRY--PERSONAL NAME
Personal name Pilkey, Dav
9 (RLIN) 56311
245 ## - TITLE STATEMENT
Title Cat kid comic club /
Statement of responsibility, etc Dav Pilkey
260 ## - PUBLICATION, DISTRIBUTION, ETC. (IMPRINT)
Place of publication, distribution, etc New York
Name of publisher, distributor, etc Scholastic
Date of publication, distribution, etc 2020
300 ## - PHYSICAL DESCRIPTION
Extent 173 p.
Other physical details col. ill.
Dimensions 22 cm.
490 ## - SERIES STATEMENT
Series statement Cat Kid
942 ## - ADDED ENTRY ELEMENTS (KOHA)
Source of classification or shelving scheme
Koha item type Books/GRAPHICS
Holdings
Withdrawn status Lost status Source of classification or shelving scheme Damaged status Not for loan Home library Current library Shelving location Date acquired Total Checkouts Full call number Barcode Checked out Date last seen Date checked out Price effective from Koha item type
          Asian Hope Primary Library Asian Hope Primary Library Junior Fiction 10/27/2025 11 J GRAPHIX PIL 209337 05/06/2026 04/29/2026 04/29/2026 10/27/2025 Books/GRAPHICS

For any Logos Library related questions please contact Miss Art at swongnarasuk@asianhope.org.

For any Asian Hope Library related questions please contact Miss Raza at graza@asianhope.org.

Powered by Koha